Biomecánica de los ejercicios físicos: manual
Guardat en:
| Autors principals: | , |
|---|---|
| Format: | Llibre |
| Idioma: | espanyol |
| Publicat: |
La Habana
Pueblo y Educación
1988
|
| Matèries: | |
| Etiquetes: |
Afegir etiqueta
Sense etiquetes, Sigues el primer a etiquetar aquest registre!
|
MARC
| LEADER | 00000nam a2200000 a 4500 | ||
|---|---|---|---|
| 001 | UCW6765 | ||
| 003 | CL-VaPUC | ||
| 008 | 920507e19880000CU |||||||||||||||||spa|d | ||
| 082 | 0 | 4 | |a 612.76 |b DON |2 21 |
| 100 | 0 | |a Donskoi, D |e author |9 311840 | |
| 700 | 0 | |a Zatsiorski, V |e author |9 311841 | |
| 245 | 1 | 0 | |a Biomecánica de los ejercicios físicos: manual |
| 300 | |a 311 p | ||
| 942 | |c BK | ||
| 945 | |d 19920507 00:00:00 | ||
| 260 | |a La Habana |b Pueblo y Educación |c 1988 | ||
| 650 | 0 | |a Biomecánica |9 307420 | |
| 650 | 7 | |a EJERCICIOS MUSCULARES |2 CL-VaPUC |9 308842 | |
| 583 | |a last modification |c 19920507 00:00:00 |k Rodrigo Vera | ||
| 999 | |c 219719 |d 219717 | ||
| 952 | |0 0 |1 0 |4 0 |6 612_760000000000000_DON_1988 |7 0 |8 A |9 210965 |a BIBEDU |b BIBEDU |d 2019-11-15 |i 279196K |l 1 |o 612.76 DON 1988 |p 279196K |r 2024-07-08 |s 2024-07-08 |w 2019-11-15 |y BK |k EDU | ||